000 00665nam a2200205Ii 4500
003 JO-AjNU
008 230605s9999||||xx |||||||||||||| ||und||
017 _a381
040 _aJO-AjNU
_bara
_erda
_cJO-AjNU
041 _aara
050 1 4 _aQD501.D3264
100 3 _aتاليف الدباغ ،عبد المجيد محمد ,
_eauthor
_915914
245 0 0 _aحركة التفاعلات الكيماويه
264 3 1 _aالموصل:وزارة التعليم العالي
300 _a192ص
336 _atext
_btxt
_2rdacontent
337 _aunmediated
_bn
_2rdamedia
338 _avolume
_bnc
_2rdacarrier
650 4 _aالتفاعلات الكيماوية
_915915
999 _aA4603
_c8171
_d8171